Представление документа в формате MARC21

ПолеНазваниеЗначение
  Тип записи a
  Библиографический уровень m
001 Контрольный номер RU\infra-m\znanium\bibl\2221452
005 Дата корректировки 20260429142112.2
008 Кодируемые данные 250812s2025 RU g rus u
020 Индекс ISBN __
a ISBN 978-5-16-114007-9 (электр. издание)
040 Источник каталогиз. __
a Служба первич. каталог. Общество с ограниченной ответственностью «ЗНАНИУМ»
041 Код языка издания __
a Код языка текста rus
044 Код страны публикации __
a Код страны публикации RU
080 Индекс УДК __
a Индекс УДК 621.311(075.8)
084 Индекс другой классификации/Индекс ББК __
2 Источник индекса rubbk
a Индекс другой классификации/Индекс ББК 31.27я73
084 Индекс другой классификации/Индекс ББК __
2 Источник индекса okso
a Индекс другой классификации/Индекс ББК 13.03.01
100 Автор __
a Автор Парамзин А.О.
q Полное имя Парамзин Александр Олегович
245 Заглавие __
a Заглавие Электрические сети и системы
b Продолж. заглавия Практикум
250 Сведения об издании __
a Основные сведения об издании 1
260 Выходные данные __
a Место издания Москва
b Издательство ООО "Научно-издательский центр ИНФРА-М"
c Дата издания 2025
300 Физическое описание __
a Объем 40 с.
520 Аннотация __
a Аннотация Практикум включает в себя краткие теоретические сведения практические работы по изучению основ работы с программным комплексом RastrWin пред-назначенным для расчетов и анализа установившихся режимов энергосистем. В практикуме рассматриваются вопросы создания моделей электрических сетей различных классов напряжения от 6(10) до 500 кВ а также их расчет и анализ установившихся режимов. Будет интересен студентам направления подготовки 13.03.02 «Электроэнер-гетика и электротехника» изучающим вопросы моделирования режимов работы энергосистем.
521 Примеч. о цел. назн. __
a Примеч. о целев. назн. Профессиональное образование
650 Тематические рубрики __
a Основная рубрика Промышленность. Энергетика
x Основная подрубрика Электроэнергетика. Электротехника
655 Указ. предметных рубрик (устаревшее) __
a Жанр/ форма (устаревшее) Практикум
700 Другие авторы __
a Другие авторы Ткаченко В.А.
q Полное имя Ткаченко Всеволод Андреевич
700 Другие авторы __
a Другие авторы Шепелев А.О.
q Полное имя Шепелев Александр Олегович
856 Электронный адрес документа 4_
a Имя сервера/домена znanium.ru
m Помощь ebs_support@infra-m.ru
n Местонахождение сервера НИЦ ИНФРА-М
u URL https://znanium.ru/catalog/document?id=468616
856 Электронный адрес документа 48
a Имя сервера/домена znanium.ru
d Путь /cover/2221
f Электронное имя 2221452.jpg
q Тип электронного формата image/jpeg
u URL https://znanium.ru/cover/2221/2221452.jpg
911 __
u 0030=https://znanium.ru/catalog/document?id=468616